MARC details
| 000 -BAŞLIK |
| Sabit Uzunlukta Kontrol Alanı |
02018na a2200505 4500 |
| 001 - KONTROL NUMARASI |
| Denetim Alanı |
23980 |
| 003 - KONTROL NUMARASI IDENTIFIER |
| Denetim Alanı |
MIRAKIL |
| 005 - SON İŞLEM TARİHİ VE ZAMANI |
| Denetim Alanı |
20181213155325.0 |
| 008 - SABİT-BOY VERİ ELEMANLARI - GENEL BİLGİLER |
| Sabit Uzunlukta Kontrol Alanı |
180206b tu 000 0 |
| 035 ## - SİSTEM KONTROL NUMARASI |
| Sistem Kontrol Numarası |
20386 |
| 040 ## - KATALOGLAMA KAYNAK |
| Orijinal Kataloglama Ajansı |
Milas |
| Kataloglama Dili |
tur |
| Metne Dönüştürmek Ajansı |
TR-AnCHP |
| 041 ## - DİL KODU |
| Metin / Ses Parça Veya Ayrı Başlığın Dil Kodu |
tur |
| 082 ## - DEWEY ONLU SINIFLANDIRMA NUMARASI |
| Sınıflandırma Numarası |
CHP 324.23072 |
| Ürün Numarası |
C36s 2015 |
| 090 ## - SINIFLAMA NUMARASI |
| Sınıflama Numarası |
BROŞÜR 513 |
| 110 ## - ANA GİRİŞ - KURUMSAL ADI |
| Giriş Elemanı Olarak Kurumsal Ad Veya Yargı Alanı Adı |
Cumhuriyet Halk Partisi (CHP) |
| 222 ## - ANAHTAR ADI |
| Anahtar Başlık |
Seçim bildirgeleri |
| 245 ## - BAŞLIK TABLOSU |
| Başlık |
Seçim bildirgesi 2015 |
| Başlığın Kalan |
Milletçe alkışlıyoruz |
| Sorumluluk Tablosu, Vb |
CHP |
| Form |
[Uzun] |
| 246 ## - UNVAN FORM VARYING |
| Başlık Doğru / Kısa Başlığı |
Milletçe alkışlıyoruz |
| 246 ## - UNVAN FORM VARYING |
| Başlık Doğru / Kısa Başlığı |
2015 seçim bildirgesi |
| 260 ## - YAYIN, DAĞITIM, VB |
| Yayın, Dağıtım, Vb Yeri |
Ankara |
| Yayıncı, Dağıtıcı, Vs Adı |
CHP |
| Yayın, Dağıtım, Vb Tarihi |
2015 |
| 300 ## - FİZİKSEL TANIM |
| Kapsam |
2 s. |
| Boyutlar |
30 sm. |
| 440 ## - SERİSİ TABLOSU / KATMA GİRİŞİ - BAŞLIK |
| Başlık |
Cumhuriyet Halk Partisi yayınları |
| Bir İşin Parçası / Bölümün İsmi |
Bildirgeler |
| 505 ## - BİÇİMLENDİRİLDİ İÇİNDEKİLER NOT |
| Biçimlendirilmiş İçeriği Dikkat |
Umutlu bir gelecek için büyük dönüşüm hedefleri - CHP seçim bildirgesinde kültür sanat - Yasal düzenlemeler- Kurumsal dönüşüm - Sanatçılara sosyoekonomik güvence - Güçlü kültür ve sanat endüstrisi - Kültür ve sanat eğitimi - Kent ve sanat - Müzeciliği geliştireceğiz |
| 610 ## - KONU KATMA GİRİŞ - TOPLANTI ADI |
| Giriş Elemanı Olarak Kurumsal Ad Veya Yargı Alanı Adı |
Cumhuriyet Halk Partisi (CHP) |
| Genel Alt Bölüm |
Seçim bildirgeleri, 2015 |
| 610 ## - KONU KATMA GİRİŞ - TOPLANTI ADI |
| Giriş Elemanı Olarak Kurumsal Ad Veya Yargı Alanı Adı |
Cumhuriyet Halk Partisi (CHP) |
| Genel Alt Bölüm |
Seçim kampanyaları, 2015 |
| Kronolojik Alt Bölüm |
Seçim bildirgeleri |
| 610 ## - KONU KATMA GİRİŞ - TOPLANTI ADI |
| Giriş Elemanı Olarak Kurumsal Ad Veya Yargı Alanı Adı |
CHP |
| Genel Alt Bölüm |
Propaganda ve ideolojiler |
| Kronolojik Alt Bölüm |
Bildirgeler |
| 651 ## - KONU KATMA GİRİŞ - COĞRAFİ ADI |
| Coğrafi İsim |
Türkiye |
| Genel Alt Bölümü |
Siyaset ve yönetim |
| Kronolojik Alt Bölümü |
2015- |
| 740 ## - KATMA GİRİŞ - KONTROLSUZ İLGİLİ / ANALİTİK BAŞLIK |
| Kontrol Edilmeyen / İlgili Analitik Başlıktaki |
CHP 2015 seçim bildirgesi |
| 740 ## - KATMA GİRİŞ - KONTROLSUZ İLGİLİ / ANALİTİK BAŞLIK |
| Kontrol Edilmeyen / İlgili Analitik Başlıktaki |
Müzeciliği geliştireceğiz |
| 740 ## - KATMA GİRİŞ - KONTROLSUZ İLGİLİ / ANALİTİK BAŞLIK |
| Kontrol Edilmeyen / İlgili Analitik Başlıktaki |
Kent ve sanat |
| 740 ## - KATMA GİRİŞ - KONTROLSUZ İLGİLİ / ANALİTİK BAŞLIK |
| Kontrol Edilmeyen / İlgili Analitik Başlıktaki |
Kültür ve sanat eğitimi |
| 740 ## - KATMA GİRİŞ - KONTROLSUZ İLGİLİ / ANALİTİK BAŞLIK |
| Kontrol Edilmeyen / İlgili Analitik Başlıktaki |
Güçlü kültür ve sanat endüstrisi |
| 740 ## - KATMA GİRİŞ - KONTROLSUZ İLGİLİ / ANALİTİK BAŞLIK |
| Kontrol Edilmeyen / İlgili Analitik Başlıktaki |
Sanatçılara sosyoekonomik güvence |
| 740 ## - KATMA GİRİŞ - KONTROLSUZ İLGİLİ / ANALİTİK BAŞLIK |
| Kontrol Edilmeyen / İlgili Analitik Başlıktaki |
Kurumsal dönüşüm |
| 740 ## - KATMA GİRİŞ - KONTROLSUZ İLGİLİ / ANALİTİK BAŞLIK |
| Kontrol Edilmeyen / İlgili Analitik Başlıktaki |
Yasal düzenlemeler |
| 740 ## - KATMA GİRİŞ - KONTROLSUZ İLGİLİ / ANALİTİK BAŞLIK |
| Kontrol Edilmeyen / İlgili Analitik Başlıktaki |
CHP seçim bildirgesinde kültür sanat |
| 740 ## - KATMA GİRİŞ - KONTROLSUZ İLGİLİ / ANALİTİK BAŞLIK |
| Kontrol Edilmeyen / İlgili Analitik Başlıktaki |
Umutlu bir gelecek için büyük dönüşüm hedefleri |
| 740 ## - KATMA GİRİŞ - KONTROLSUZ İLGİLİ / ANALİTİK BAŞLIK |
| Kontrol Edilmeyen / İlgili Analitik Başlıktaki |
Milletçe alkışlıyoruz |
| 830 ## - SERİSİ EKLENDİ GİRİŞ - ÜNİFORM ADI |
| Üniforma Başlık |
CHP bildirgeleri |
| 942 ## - EKLENDİ GİRİŞ ELEMANLARI (KOHA) |
| Sınıflandırma Veya Raf Düzeni Kaynak |
Dewey Decimal Classification |
| Koha Öğesi Türü |
Books |
| 999 ## - SİSTEM KONTROL NUMARALARI (KOHA) |
| Koha Biblionumber |
10544 |
| Koha Biblioitemnumber |
10544 |
| 657 ## - INDEX SÜRE - İŞLEVİ |
| -- |
CHP seçim bildirgeleri |
| 657 ## - INDEX SÜRE - İŞLEVİ |
| -- |
CHP seçim bildirgesi |
| 657 ## - INDEX SÜRE - İŞLEVİ |
| -- |
Haziran 2015 genel seçimleri |